<?xml version="1.0" encoding="UTF-8"?>
<collection xmlns="http://www.loc.gov/MARC21/slim">
 <record>
  <leader>01416pamaa2200229   4500</leader>
  <controlfield tag="001">0000047270</controlfield>
  <controlfield tag="005">20100611090000.0</controlfield>
  <datafield tag="020" ind1="0" ind2="0">
   <subfield code="a">9780781779340 (pbk) </subfield>
  </datafield>
  <datafield tag="090" ind1="0" ind2="0">
   <subfield code="a">RS200 </subfield>
   <subfield code="b">ALL 2011</subfield>
  </datafield>
  <datafield tag="100" ind1="1" ind2="0">
   <subfield code="a">Allen </subfield>
  </datafield>
  <datafield tag="245" ind1="1" ind2="0">
   <subfield code="a">Ansel's pharmaceutical dosage forms and drug delivery systems  </subfield>
   <subfield code="c">Loyd V. Allen, Nicholas G. Popovich, Howard C. Ansel.</subfield>
  </datafield>
  <datafield tag="250" ind1="0" ind2="0">
   <subfield code="a">9th ed.</subfield>
  </datafield>
  <datafield tag="260" ind1="0" ind2="0">
   <subfield code="a">Phildelphia: </subfield>
   <subfield code="b">Lippincott Williams and Wilkins, </subfield>
   <subfield code="c">2011.</subfield>
  </datafield>
  <datafield tag="300" ind1=" " ind2=" ">
   <subfield code="a">xi, 738p.; </subfield>
   <subfield code="c">25 cm.</subfield>
  </datafield>
  <datafield tag="504" ind1="0" ind2="0">
   <subfield code="a">Includes bibliographical references and index</subfield>
  </datafield>
  <datafield tag="505" ind1="0" ind2="0">
   <subfield code="a">Introduction to drugs and pharmacy -- New drug development and approval process -- Current good manufacturing practices and current good compounding practices -- Dosage form design : pharmaceutical and formulation considerations -- Dosage form design : biopharmaceutical and pharmacokinetic considerations -- Powders and granules -- Capsules -- Tablets -- Solid oral modified-release dosage forms and drug delivery systems -- Ointments, creams, and gels -- Transdermal drug delivery systems -- Suppositories and inserts -- Solutions -- Disperse systems -- Parenterals -- Biologics -- Special solutions and suspensions -- Radiopharmaceuticals -- Products of biotechnology -- Novel dosage forms and drug delivery systems</subfield>
  </datafield>
  <datafield tag="650" ind1="0" ind2="0">
   <subfield code="a">Drugs -- </subfield>
   <subfield code="x">Dosage forms </subfield>
  </datafield>
  <datafield tag="650" ind1="0" ind2="0">
   <subfield code="a">Drug delivery systems </subfield>
  </datafield>
  <datafield tag="700" ind1="1" ind2="1">
   <subfield code="a">Popovich </subfield>
  </datafield>
  <datafield tag="700" ind1="1" ind2="1">
   <subfield code="a">Ansel, </subfield>
   <subfield code="h">Howard C. </subfield>
  </datafield>
  <datafield tag="901" ind1=" " ind2=" ">
   <subfield code="u">lww.com</subfield>
  </datafield>
 </record>
</collection>
